ბათუმის შოთა რუსთაველის სახელმწიფო უნივერსიტეტის ბიბლიოთეკა

საუკუნის ხელოვნება (ავანგარდი) : (ბიბ.ჩანაწერი № 55849)

000 -ლიდერი
ფიქსირებული სიგრძის საკონტროლო ველი 01834nam a2200289Ia 4500
001 - საკონტროლო ნომერი
საკონტროლო ველი 22946
003 - საკონტროლო ნომრის იდენტიფიკატორი
საკონტროლო ველი GE_BSU
005 - ბოლო ოპერაციის თარიღი და დრო
საკონტროლო ველი 20250904200120.0
008 - ფიქსირებული სიგრძის მონაცემთა ელემენტები - ზოგადი ინფორმაცია
ფიქსირებული სიგრძის საკონტროლო ველი 181216s2005||||ge |||||||||||||| ||geo||
020 ## - წიგნის საერთაშორისო სტანდარტული ნომერი
International Standard Book Number 9789994006021
040 ## - კატალოგიზაციის წყარო
Transcribing agency GE_BSU
041 ## - ენის კოდი
Language code of text/sound track or separate title geo
080 ## - უნივერსალური ათობითი კლასიფიკაციის ინდექსი
Universal Decimal Classification number 7(075.8)+7.038.1 კ-52
100 ## - მთავარი ჩანაწერი - პიროვნების სახელი
Personal name კინწურაშვილი, ქეთევან
9 (RLIN) 17003
245 ## - ცნობა სათაურის შესახებ
Title საუკუნის ხელოვნება (ავანგარდი) :
Statement of responsibility, etc [სახელმძღვ. სამხატვ. სასწ. სტუდ. და მასწ.] ; დავით კაკაბაძის ნამუშევრები "ანონიმური საზოგადოების" კოლექციის ფონზე /
Medium ქეთევან კინწურაშვილი ; რედ. ია მჭედლიძე.
264 ## - წარმოების, გამოცემის, დისტრიბუციის და სხვა ცნობები
გამოცემის, წარმოების, დისტრიბუციის... ადგილი თბილისი :
გამოცემის, წარმოების, დისტრიბუციის... სახელწოდება შპს "ფორმა,
გამოცემის, წარმოების, დისტრიბუციის... თარიღი 2005.
300 ## - ფიზიკური აღწერა
Extent 199 გვ. ;
Other physical details ილ. ;
Dimensions 20 სმ.
500 ## - ზოგადი შენიშვნა
General note დავით კაკაბაძის ნამუშევრები "ანონიმური საზოგადოების" კოლექციის ფონზე
653 ## - INDEX TERM--UNCONTROLLED
Uncontrolled term საუკუნის ხელოვნება (ავანგარდი)
653 ## - INDEX TERM--UNCONTROLLED
Uncontrolled term ხელოვნების სახელმძღვანელოები სტუდენტებისთვის
653 ## - INDEX TERM--UNCONTROLLED
Uncontrolled term ხელოვნების მეთოდური სახელმძღვანელოები
653 ## - INDEX TERM--UNCONTROLLED
Uncontrolled term ავანგარდი ხელოვნებაში
653 ## - INDEX TERM--UNCONTROLLED
Uncontrolled term ავანგარდი
700 ## - ADDED ENTRY--PERSONAL NAME
Personal name მჭედლიძე, ია
Relator term რედაქტორი
9 (RLIN) 25774
942 ## - ADDED ENTRY ELEMENTS (KOHA)
Koha item type წიგნი
Source of classification or shelving scheme
ეგზემპლარები
ჩამოწერის სტატუსი დაკარგული ეგზემპლარის სტატუსი კლასიფიკაციის წყარო ან თაროზე გაწყობის სქემა დაზიანების სტატუსი არ გაიცემა მუდმივი მდებარეობა (დაცვის ადგილი) ამჟამინდელი ადგილსამყოფელი თაროზე განთავსების ადგილი შეძენის თარიღი ღირებულება, შესყიდვის ნორმალური ფასი სრული შენახვის შიფრი შტრიხკოდი ბოლო ოპერაციის თარიღი ეგზემპლარის მიმდევრობითი ნომერი (კეტერი?) ფასის ძალაში შესვლის თარიღი ეგზემპლარის სახეობა საჯარო შენიშვნა
          ბათუმის შოთა რუსთაველის სახელმწიფო უნივერსიტეტის მთავარი ბიბლიოთეკა ბათუმის შოთა რუსთაველის სახელმწიფო უნივერსიტეტის მთავარი ბიბლიოთეკა წიგნსაცავი 2018-12-17 5.00 7(075.8)+7.038.1 კ-52 28129 2018-12-17 28129 2018-12-17 წიგნი 5.00 ₾.